000 01280nam a2200229 i 4500
001 130098
003 ES-MaACL
005 20231027063021.0
007 t|
008 070718s1958 sp ||||1| spa d
100 1 _aZweig, Stefan,
_d1881-1942
_9118562
245 1 0 _aObras de Stefan Zweig /
_cStefan Zweig.
260 _aBarcelona :
_bJosé Janés,
_c1958.
300 _a2 v. ;
_c18 cm.
490 1 _aLos Maestros de hoy
505 8 _aContiene: I: Stefan Zweig / por Friderike María Zweig ; Américo Vespucio / Traducción de Alfredo Cahn ; Tres poetas de su vida ; La lucha contra el demonio / Traducción de Joaquín Verdaguer ; La curación por el espíritu / Traducción de Francisco Payarols ; Balzac / Traducción de Arístides Gamboa.- XVI, 1861, 1 h., 1 retr. del autor -- II: La piedad peligros ; El candelabro enterrado ; Los ojos del hermano eterno ; La disputa de Raquel ; Secreto ardiente ; Cuento crepuscular ; Jeremías ; Tiempo y mundo ; Momentos estelares de la humanidad ; Amok ; 24 horas de la vida de una mujer... etc.- 1834 p.
700 1 _aZweig, Friderike Maria (
_d1882-1971)
_9118561
700 0 _aCahn, Alfredo.
_933446
830 0 _aLos Maestros de hoy
_9219416
852 _aES-MaACL
_jP-787
_bR.41860
999 _c130098
_d130098